Comuni del Piemonte con la lettere C - Statistics

Statistiche generali
  • Questo quiz è stato fatto 92 volte
  • Il punteggio medio è 36 su 226
Statistiche sulle risposte
COMUNE PROVINCIA % Corretto
Cuneo (provincia)
87%
Chieri Torino
69%
Chivasso Torino
62%
Collegno Torino
56%
Ceres Torino
52%
Casale Monferrato Alessandria
48%
Cherasco Cuneo
48%
Cossato Biella
46%
Canelli Asti
44%
Ceva Cuneo
44%
Caluso Torino
38%
Ceresole Reale Torino
38%
Carignano Torino
37%
Cuorgnè Torino
37%
Candelo Biella
33%
Carrù Cuneo
33%
Cavallermaggiore Cuneo
33%
Ciriè Torino
33%
Crescentino Vercelli
33%
Canale Cuneo
31%
Cavour Torino
31%
Calamandrana Asti
29%
Cervere Cuneo
29%
Cafasse Torino
27%
Cambiano Torino
27%
Cameri Novara
27%
Camino Alessandria
27%
Caraglio Cuneo
27%
Castagnole delle Lanze Asti
27%
Castelnuovo Don Bosco Asti
27%
Cavaglià Biella
27%
Condove Torino
27%
Corio Torino
27%
Cumiana Torino
27%
Cocconato Asti
25%
Calosso Asti
23%
Cannobio Verbania
23%
Caresana Vercelli
23%
Caresanablot Vercelli
23%
Castiglione Torinese Torino
23%
Ceresole d'Alba Cuneo
23%
Chiomonte Torino
23%
Cinzano Torino
23%
Campertogno Vercelli
21%
Castell'Alfero Asti
21%
Castelnuovo Scrivia Alessandria
21%
Cavallerleone Cuneo
21%
Cervasca Cuneo
21%
Cesana Torinese Torino
21%
Cabella Ligure Alessandria
19%
Candiolo Torino
19%
Centallo Cuneo
19%
Chiaverano Torino
19%
Chiusa di Pesio Cuneo
19%
Cissone Cuneo
19%
Cisterna d'Asti Asti
19%
Coazze Torino
19%
Cressa Novara
19%
Calliano Monferrato Asti
17%
Cantarana Asti
17%
Caselle Torinese Torino
17%
Castagnole Piemonte Torino
17%
Castellamonte Torino
17%
Castellazzo Bormida Alessandria
17%
Castelnuovo Belbo Asti
17%
Cavagnolo Torino
17%
Cerano Novara
17%
Cereseto Alessandria
17%
Cerreto d'Asti Asti
17%
Cigliano Vercelli
17%
Clavesana Cuneo
17%
Conzano Alessandria
17%
Cortazzone Asti
17%
Cossano Belbo Cuneo
17%
Costigliole d'Asti Asti
17%
Craveggia Verbania
17%
Crissolo Cuneo
17%
Calasca-Castiglione Verbania
15%
Camerana Cuneo
15%
Cannero Riviera Verbania
15%
Caprie Torino
15%
Caramagna Cuneo
15%
Carcoforo Vercelli
15%
Carpeneto Alessandria
15%
Carpignano Sesia Novara
15%
Carrega Ligure Alessandria
15%
Casalbeltrame Novara
15%
Casalborgone Torino
15%
Casale Corte Cerro Verbania
15%
Casalvolone Novara
15%
Castellazzo Novarese Novara
15%
Cavaglio d'Agogna Novara
15%
Chialamberto Torino
15%
Ciconio Torino
15%
Claviere Torino
15%
Cortandone Asti
15%
Cortemilia Cuneo
15%
Crevoladossola Verbania
15%
Crodo Verbania
15%
Cunico Asti
15%
Camagna Monferrato Alessandria
13%
Campiglione Fenile Torino
13%
Candia Canavese Torino
13%
Carema Torino
13%
Carentino Alessandria
13%
Casalgrasso Cuneo
13%
Casalino Novara
13%
Casalnoceto Alessandria
13%
Castagneto Po Torino
13%
Castelletto Monferrato Alessandria
13%
Castelletto sopra Ticino Novara
13%
Castelnuovo Bormida Alessandria
13%
Castelnuovo Calcea Asti
13%
Cellarengo Asti
13%
Cesara Verbania
13%
Chianocco Torino
13%
Cintano Torino
13%
Civiasco Vercelli
13%
Coassolo Torino
13%
Coazzolo Asti
13%
Corneliano d'Alba Cuneo
13%
Cortanze Asti
13%
Cravagliana Vercelli
13%
Callabiana Biella
12%
Cambiasca Verbania
12%
Cantalupa Torino
12%
Cantalupo Ligure Alessandria
12%
Carrosio Alessandria
12%
Cartosio Alessandria
12%
Cassano Spinola Alessandria
12%
Castagnole Monferrato Asti
12%
Castelletto d'Orba Alessandria
12%
Castelmagno Cuneo
12%
Cavaglietto Novara
12%
Chiesanuova Torino
12%
Chiusano Asti
12%
Coniolo Alessandria
12%
Cuceglio Torino
12%
Cureggio Novara
12%
Camburzano Biella
10%
Campiglia Cervo Biella
10%
Cantoira Torino
10%
Carbonara Scrivia Alessandria
10%
Carezzano Alessandria
10%
Casaleggio Boiro Alessandria
10%
Casaleggio Novara Novara
10%
Caselette Torino
10%
Casorzo Monferrato Asti
10%
Castellania Coppi Alessandria
10%
Castelletto Merli Alessandria
10%
Castelletto Molina Asti
10%
Castelletto Stura Cuneo
10%
Castello di Annone Asti
10%
Castiglione Falletto Cuneo
10%
Castiglione Tinella Cuneo
10%
Cella Monte Alessandria
10%
Ceppo Morelli Verbania
10%
Cercenasco Torino
10%
Cerrina Alessandria
10%
Cerrione Biella
10%
Colleretto Giacosa Torino
10%
Corsione Asti
10%
Cossano Canavese Torino
10%
Cossogno Verbania
10%
Cossombrato Asti
10%
Cremolino Alessandria
10%
Crevacuore Biella
10%
Crova Vercelli
10%
Camerona Casasco Asti
8%
Canischio Torino
8%
Caprezzo Verbania
8%
Capriata d'Orba Alessandria
8%
Caravino Torino
8%
Cardè Cuneo
8%
Cartignano Cuneo
8%
Casal Cermelli Alessandria
8%
Casasco Alessandria
8%
Cassinasco Asti
8%
Castel Boglione Asti
8%
Castellar Guidobono Alessandria
8%
Castellero Asti
8%
Castellinaldo d'Alba Cuneo
8%
Castelnuovo di Ceva Cuneo
8%
Castelnuovo Nigra Torino
8%
Castel Rocchero Asti
8%
Castelspina Alessandria
8%
Cavallirio Novara
8%
Cerreto Grue Alessandria
8%
Cerreto Langhe Cuneo
8%
Cerro Tanaro Asti
8%
Cervatto Vercelli
8%
Chiusa di San Michelle Torino
8%
Coggiola Biella
8%
Collobiano Vercelli
8%
Comignago Novara
8%
Cortiglione Asti
8%
Costanzana Vercelli
8%
Costigliole Saluzzo Cuneo
8%
Cravanzana Cuneo
8%
Caltignana Novara
6%
Camandona Biella
6%
Canosio Cuneo
6%
Caprile Biella
6%
Cascinette d'Ivrea Torino
6%
Castagnito Cuneo
6%
Castelletto Cervo Biella
6%
Castelletto d'Erro Alessandria
6%
Castellino Tanaro Cuneo
6%
Castino Cuneo
6%
Celle di Macra Cuneo
6%
Celle Enomondo Asti
6%
Caprauna Cuneo
4%
Capriglio Asti
4%
Casanova Elvo Vercelli
4%
Cassine Alessandria
4%
Cassinelle Alessandria
4%
Cello con Breia Vercelli
4%
Cessole Asti
4%
Colazza Novara
4%
Colleretto Castelnuovo Torino
4%
Costa Vescovato Alessandria
4%
Curino Biella
4%
Casapinta Biella
2%
Casteldelfino Cuneo
2%
Castelletto Uzzone Cuneo
2%
Cavatore Alessandria
2%
Nessun quiz corrispondente trovato
Distribuzione punteggi
Percentuale di utenti per punteggio
Percentile per numero di risposta
I tuoi punteggi nel tempo
Non hai fatto questo quiz